00216nam a2200073Ia 4500082001600000245004100016100004400057008004100101 aTSO|KF|MNIS 0aSwakudya leswinene leswi akaka miri  a Mnisi, Solomon centurion, 2008 210817s9999 xx 000 0 und d